00539nam a22002057a 450000500170000001000130001702000230003003500130005303700160006604000120008208200160009410000160011024500510012626000420017727000360021930000200025550000200027565000230029565000150031820170124105915.0 aA-996538 c795.00a8170997348 aA-996538 bCen Lib/Ret aDPLbEN a355.02bAKB aAkbar, M.K. aKargil cross border terrorism /cby M.K. Akbar aNew DelhibMittal publications c1999 bNew DelhiaA-110, Mohan garden  a436p.c22cm(Hb) aIncludes index  a Indian territory  aTerrorism